000 00639nam a2200265Ia 4500
005 20260121173648.0
008 008 260114s9999 xx 000 0 eng d
020 _a9783319157566
037 _aEBOOK
040 _aCRL
040 _beng
040 _cCRL
041 _2eng
041 _aeng
084 _qCRL
100 _aRobert G?mmel
_91103645
245 0 _aInvesting into North African Solar Power
260 _bSpringer
260 _bSpringer
260 _c2015
856 _uhttps://link.springer.com/openurl?genre=book&isbn=978-3-319-15756-6
942 _cEBOOK
999 _c1669393
_d1669393